Iowa Hawkeyes Football All-Time Opponents - Statistics

General Stats
  • This quiz has been taken 39 times
  • The average score is 49 of 76
Answer Stats
Conference Record Answer % Correct
47-24-0 Iowa State
100%
53-63-2 Minnesota
97%
22-30-3 Nebraska
97%
1-2-0 Oregon
97%
4-3-0 Washington
97%
14-18-0 Penn State
94%
Big Ten 4-0-0 Rutgers
94%
47-49-2 Wisconsin
94%
38-39-2 Illinois
90%
46-28-4 Indiana
90%
15-45-4 Michigan
90%
15-49-3 Ohio State
90%
1-3-0 Florida
87%
41-50-3 Purdue
87%
1-1-0 Texas
87%
6-7-0 Arizona
84%
4-1-0 Maryland
84%
55-28-3 Northwestern
84%
Independent 8-13-3 Notre Dame
84%
3-7-0 USC
84%
1-1-0 Kentucky
81%
1-2-0 Arizona State
77%
1-1-0 LSU
77%
25-23-2 Michigan State
77%
1-3-0 Tennessee
77%
6-7-0 Missouri
74%
0-2-0 Oklahoma
74%
7-5-0 Oregon State
74%
Big 12 2-0-0 Texas Tech
74%
0-1-0 Utah
74%
Pac-12 3-1-1 Washington State
74%
4-6-0 Kansas
71%
5-1-0 Kansas State
71%
0-4-0 Miami (FL)
71%
MAC 5-0-0 Miami (OH)
71%
SEC 1-0-0 South Carolina
71%
1-0-0 Arkansas
68%
0-0-1 BYU
68%
0-2-0 Colorado
68%
0-3-0 North Carolina State
68%
2-1-0 TCU
68%
1-1-0 Oklahoma State
65%
0-1-0 Stanford
65%
3-1-0 Syracuse
65%
ACC 1-0-0 Georgia Tech
61%
1-0-0 Mississippi State
61%
0-1-0 Texas A&M
61%
2-2-0 Western Michigan
61%
4-3-0 Pittsburgh
58%
2-1-0 Central Michigan
55%
9-1-0 Northern Illinois
55%
1-0-0 Cincinnati
52%
1-0-0 San Diego State
52%
1-0-0 Boston College
48%
1-0-0 New Mexico State
48%
2-0-0 North Texas
48%
Mountain West 3-0-0 Wyoming
48%
3-1-0 California
45%
1-0-0 Nevada
45%
0-0-1 Air Force
42%
1-0-0 Akron
42%
The American 1-0-0 Temple
42%
1-0-0 Troy
42%
3-0-0 Ball State
35%
1-0-0 Buffalo
35%
1-0-0 Middle Tennessee
35%
3-1-0 Tulsa
35%
Conference USA 1-0-0 UTEP
35%
1-0-0 FIU
32%
1-0-0 Arkansas State
29%
1-0-0 Colorado State
29%
3-1-0 Hawaii
29%
3-0-0 Kent State
29%
Sun Belt 1-0-0 UL Monroe
26%
3-0-0 Utah State
26%
1-0-0 Idaho
23%
No matching quizzes found
Score Distribution
Percent of People with Each Score
Percentile by Number Answered
Your Score History
You have not taken this quiz